Filmy rozgrywające się w Wielkiej Brytanii – Nagła śmierć - Statystyki

Ogólne statystyki
  • Ten quiz został rozwiązany 97 razy
  • Średni wynik to 7 z 22
Answers on the Grid
Answers color-coded by a green-red scale on the quiz's grid according to % correct below.
28 Dni Później
Mechaniczna Pomarańcza
Braveheart. Waleczne serce
Dziennik Bridget Jones
Wolny dzień Ferrisa Buellera
Chłopcy z ferajny
Gosford Park
Hot Fuzz – Ostre psy
King Richard: Zwycięska rodzina
To właśnie miłość
Wakacje Jasia Fasoli
Notting Hill
Oliver!
Paddington
Duma i Uprzedzenie
Robin Hood
Saltburn
Przekręt
Angielska Robota
Big Short
Klub Winowajców
Człowiek słoń
Wielka ucieczka
Gra tajemnic
Jak zostać królem
Ostatni król Szkocji
Pianista
Królowa
Okruchy dnia
Zjawa
Skazani na Shawshank
Teoria wszystkiego
Trainspotting
 
Statystyki odpowiedzi
Odpowiedź % Poprawnych
Dziennik Bridget Jones
60%
Braveheart. Waleczne serce
54%
Robin Hood
49%
28 Dni Później
43%
Jak zostać królem
43%
Paddington
43%
Notting Hill
40%
Duma i Uprzedzenie
37%
Mechaniczna Pomarańcza
37%
Królowa
34%
Angielska Robota
29%
Przekręt
29%
Trainspotting
29%
To właśnie miłość
23%
Hot Fuzz – Ostre psy
20%
Człowiek słoń
17%
Gosford Park
17%
Okruchy dnia
17%
Oliver!
17%
Teoria wszystkiego
17%
Gra tajemnic
14%
Saltburn
14%
Nie znaleziono quizów pasujących do podanych kryteriów
Rozkład punktacji
Procent ludzi z każdym wynikiem
Percentyl według liczby udzielonych odpowiedzi
Twoja historia wyników
Nie rozwiązałeś tego quizu